Focus on timber / (Record no. 5825)

MARC details
000 -LEADER
fixed length control field 00718nam a22002417a 4500
001 - CONTROL NUMBER
control field 5825
003 - CONTROL NUMBER IDENTIFIER
control field FISKH
005 - DATE AND TIME OF LATEST TRANSACTION
control field 20250123122949.0
008 - FIXED-LENGTH DATA ELEMENTS--GENERAL INFORMATION
fixed length control field 250123b cb ||||| |||| 00| 0 eng d
020 ## - INTERNATIONAL STANDARD BOOK NUMBER
International Standard Book Number 085078669X
040 ## - CATALOGING SOURCE
Original cataloging agency FISKH
Language of cataloging eng
Transcribing agency FISKH
Modifying agency FISKH
050 ## - LIBRARY OF CONGRESS CALL NUMBER
Classification number SD431
082 ## - DEWEY DECIMAL CLASSIFICATION NUMBER
Classification number 338.4
100 ## - MAIN ENTRY--PERSONAL NAME
Personal name Langley, Andrew
245 ## - TITLE STATEMENT
Title Focus on timber /
Statement of responsibility, etc. By Andrew Langley
250 ## - EDITION STATEMENT
Edition statement First published in 1986
260 ## - PUBLICATION, DISTRIBUTION, ETC.
Place of publication, distribution, etc. London :
Name of publisher, distributor, etc. Wayland Publisher ,
Date of publication, distribution, etc. 1986.
300 ## - PHYSICAL DESCRIPTION
Extent 48 pages :
Other physical details color illustrations ;
Dimensions 22 cm.
520 ## - SUMMARY, ETC.
Summary, etc. Describes where a commodity is found, how it is processed and the use we make of it.
650 ## - SUBJECT ADDED ENTRY--TOPICAL TERM
Topical term or geographic name entry element natural science
Form subdivision non-fiction
942 ## - ADDED ENTRY ELEMENTS (KOHA)
Source of classification or shelving scheme Dewey Decimal Classification
Koha item type Books
Suppress in OPAC No
Holdings
Withdrawn status Lost status Source of classification or shelving scheme Damaged status Not for loan Collection Home library Current library Shelving location Date acquired Total Checkouts Full call number Barcode Date last seen Price effective from Koha item type
    Dewey Decimal Classification     Non-Fiction Footprints International School Library Network Toul Kork Campus Footprints International School Library Network Toul Kork Campus TTP Secondary Non-Fiction Bookshelves 01/23/2025   LAN 338.4 SD431 FIS01292 01/23/2025 01/23/2025 Books